| 000 | 00764nam a2200241Ia 4500 | ||
|---|---|---|---|
| 005 | 20230720105829.0 | ||
| 008 | 210716s1998 xx 000 0 und d | ||
| 020 | _a817029987X | ||
| 040 | _cAIMIT LIBRARY | ||
| 041 | _aeng | ||
| 082 |
_a004.81 _21 _bDOES |
||
| 110 |
_aSociety, Doeacc. _9127867 |
||
| 245 |
_aQuanbook a level: _bmodel questions / |
||
| 250 | _a1st ed. | ||
| 260 |
_aNew Delhi : _bBPB Publications , _c1998. |
||
| 300 |
_axxvi,307p. ; _bPB _c21 cm. |
||
| 440 | _v2 | ||
| 650 |
_aDatabase management systems _9127868 |
||
| 650 |
_aData communication and networks _9127869 |
||
| 650 |
_aUnix and shell programming _9127870 |
||
| 650 |
_aIntroduction to object oriented programming and c++ _9127871 |
||
| 942 |
_2ddc _cBK _e1st ed. _k004.81 DOES |
||
| 999 |
_c183429 _d183429 |
||